Представление документа в формате RUSMARC

ПолеНазваниеЗначение
  Тип записи c
  Библиографический уровень m
001 Контрольный номер UONB/MAIN/5e48569f7b9a4f5699fe44fb693fca0f
005 Дата корректировки 20260428155323.7
100 Данные общей обработки __
a Данные общей обработки 20260428d1991 a y0rusy0189 ca
101 Язык документа 0_
a Язык текста rus
f Язык титульного листа rus
102 Страна публикации __
a Страна публикации RU
200 Заглавие и сведения об ответственности 1_
a Заглавие Хрестоматия для школьного оркестра
210 Выходные данные 1_
a Место издания Москва
c Издательство Музыка
d Дата издания 1991 -
215 Физическое описание __
d Формат 29 см
225 Серия 1_
a Серия Педагогический репертуар. Детская музыкальная школа
686 Индексы других классификаций __
a Классификационный индекс 85
2 Код системы rubbk
801 Источник записи _0
a Страна RU
b Организация Ульяновская ОНБ
c Дата составления 20260428
g Правила каталогизации RCR
801 Источник записи _1
a Страна RU
b Организация Ульяновская ОНБ
c Дата составления 20260428
g Правила каталогизации RCR
901 Тип документа __
t Тип документа v
909 Создатель записи __
a Создатель записи Никитина Т. А.
b Дата создания записи 20260428